00371nam a2200121 a 450000100100000000500170001000800410002704000250006808200150009324500690010826000520017730000200022900003198420200930063331.0110707s1971 dr 000 0 spa d aDO-SdBNPbspacBNPHU axxxxbD31300aEn defensa de la nación :bradio reporte la voz del trópico. aSanto Domingo :bHorizonte de América,c1971. a60 p. ;c22 cm.